Sports Quiz

Random Sports or Tennis Quiz
Score 0/25 Timer 10:00
0 Plays Today
# of Wins Player % Correct
4Roger Federer
99.4%
6Novak Djokovic
98.8%
2Andy Murray
95.7%
1Stan Wawrinka
92%
2Juan Martin del Potro
86.5%
1Jo-Wilfried Tsonga
85.9%
1Marin Cilic
85.3%
1Robin Soderling
83.4%
2David Ferrer
82.2%
1Andy Roddick
79.1%
1Fernando Verdasco
73.6%
1Tomas Berdych
73%
2Lleyton Hewitt
71.8%
# of Wins Player % Correct
1Nick Kyrgios
71.2%
2Gilles Muller
66.9%
1Dustin Brown
66.9%
1Steve Darcis
65.6%
1Lucas Pouille
63.2%
1Lukas Rosol
62%
1Fernando Gonzalez
59.5%
1Fabio Fognini
57.1%
1James Blake
42.3%
1Mikhail Youzhny
33.7%
1Paradorn Srichaphan
14.1%
1Younes El Aynaoui
9.8%
Remove Ads.
Support Sporcle.
Get the best of Sporcle when you Go Orange. This ad-free experience offers more features, more stats, and more fun while also helping to support Sporcle. Thank you for becoming a member.

You're not logged in!

Compare scores with friends on all Sporcle quizzes.
OR
Log In

Sporcle TV

Today on Sporcle TV


Watch our educational content, quiz creation guides, and fun videos on Sporcle TV.

Show Comments

Extras

Created Nov 23, 2017ReportNominate
Tags:Tennis Quiz, ATP, Men's Tennis

Top Quizzes Today


Score Distribution

Paid Content

Your Account Isn't Verified!

In order to create a playlist on Sporcle, you need to verify the email address you used during registration. Go to your Sporcle Settings to finish the process.

Report this User

Report this user for behavior that violates our Community Guidelines.

Details: